000
00204nam a2200085Ia 4500
008
170620s9999 xx 000 0 und d
100
_a
RAO- RAJYALAKSHMI
245
0
_a
CONSUMER IS KING
260
_b
DELHI; UNIVERSAL L P
260
_c
2009
999
_c
29367
_d
29367